Adoption of Electronic Records Management System for service delivery at Central Vehicle Registry (CVR) / (Record no. 172789)

MARC details
000 -LEADER
fixed length control field 01211nam a2200289 4500
003 - CONTROL NUMBER IDENTIFIER
control field NUST
005 - DATE AND TIME OF LATEST TRANSACTION
control field 20260506083038.0
008 - FIXED-LENGTH DATA ELEMENTS--GENERAL INFORMATION
fixed length control field 260427b |||||||| |||| 00| 0 eng d
040 ## - CATALOGING SOURCE
Original cataloging agency NUST
Language of cataloging eng
Transcribing agency NUST
Modifying agency NUST
Description conventions rda
050 ## - LIBRARY OF CONGRESS CALL NUMBER
Classification number Z722.5 NDA
100 ## - MAIN ENTRY--PERSONAL NAME
Personal name Ndaruza, Angella.
Relator term author.
245 ## - TITLE STATEMENT
Title Adoption of Electronic Records Management System for service delivery at Central Vehicle Registry (CVR) /
Statement of responsibility by Angella Ndaruza.
260 ## - PUBLICATION, DISTRIBUTION, ETC.
Place of publication, distribution, etc. Bulawayo, Zimbabwe :
Name of publisher, distributor, etc. National University of Science and Technology ,
Date of publication, distribution, etc. ©2023.
300 ## - PHYSICAL DESCRIPTION
Extent xiv, 62 pages :
Dimensions illustrations ;
Other physical details 31 cm.
336 ## - CONTENT TYPE
Source rdacontent
Content type term text
Content type code txt
337 ## - MEDIA TYPE
Source rdamedia
Media type term unmediated
Media type code n
338 ## - CARRIER TYPE
Source rdacarrier
Carrier type term volume
Carrier type code nc
500 ## -
Typescript A research project submitted to the National University of Science and Technology in partial fulfilment of the Master of Science degree in Records and Archives Management.
501 ## - STUDY LEVEL
-- M
504 ## - BIBLIOGRAPHY, ETC. NOTE
Bibliography, etc. note Includes bibliographical references.
650 ## - SUBJECT ADDED ENTRY--TOPICAL TERM
Topical term or geographic name entry element Electronic records management.
650 ## - SUBJECT ADDED ENTRY--TOPICAL TERM
Topical term or geographic name entry element Service delivery.
650 ## - SUBJECT ADDED ENTRY--TOPICAL TERM
Topical term or geographic name entry element Central Vehicle Registry
Geographic subdivision Zimbabwe.
650 ## - SUBJECT ADDED ENTRY--TOPICAL TERM
Topical term or geographic name entry element Public administration.
700 ## - ADDED ENTRY--PERSONAL NAME
Personal name Prof P Dehwa.
Relator term supervisor.
942 ## - ADDED ENTRY ELEMENTS (KOHA)
Source of classification or shelving scheme Library of Congress Classification
Suppress in OPAC No
Koha item type 3-Hour Loan Material
Classification part Z722.5
Call number prefix Z
Call number suffix NDA
999 ## -
-- 172789
-- 172789
Holdings
Withdrawn status Lost status Source of classification or shelving scheme Damaged status Not for loan Collection Home library Current library Shelving location Date acquired Source of acquisition Cost, normal purchase price Total Checkouts Full call number Barcode Date last seen Accession number Cost, replacement price Price effective from Koha item type Public note
    LCC     NFIC MAIN MAIN Special Collection 04/27/2026 NUST 15.00   Z722.5 NDA 92004057708 04/27/2026 SC25/1516 15.00 04/27/2026 3HOUR Dissertation